000
00296nam a22001337a 4500
008
190305b xxu||||| |||| 00| 0 eng d
020
_a
9780312403386
041
_a
eng
080
_2
7th
_a
070
100
_a
40
101
_a
MK
245
_a
Technical Communication
_c
Markel,M
942
_2
udc
_c
BK
999
_c
54506
_d
54506